Isabel Ruiz : (Record no. 4583)
[ view plain ]
| 000 -LEADER | |
|---|---|
| campo de control de longitud fija | 00956nam a22002777i 4500 |
| 003 - IDENTIFICADOR DE NÚMERO DE CONTROL | |
| campo de control | OSt |
| 005 - FECHA Y HORA DE LA ÚLTIMA TRANSACCIÓN | |
| campo de control | 20251209145622.0 |
| 008 - DATOS DE LONGITUD FIJA--INFORMACIÓN GENERAL | |
| campo de control de longitud fija | 251209e2019 gt|o|||gr|||| 001 0dspa d |
| 020 ## - NÚMERO INTERNACIONAL ESTÁNDAR DEL LIBRO | |
| Número Internacional Estándar del Libro | 9789929591660 |
| 040 ## - FUENTE DE CATALOGACIÓN | |
| Lengua de catalogación | spa |
| Centro/agencia transcriptor | LADOV |
| 041 0# - CÓDIGO DE IDIOMA | |
| Código de lengua del texto/banda sonora o título independiente | spa |
| 082 04 - NÚMERO DE LA CLASIFICACIÓN DECIMAL DEWEY | |
| Número de clasificación | 709.2 |
| Número de ítem | M538i |
| 100 1# - ENTRADA PRINCIPAL--NOMBRE DE PERSONA | |
| Nombre de persona | Méndez Salinas, Luis |
| Término indicativo de función/relación | editor |
| 245 10 - MENCIÓN DEL TÍTULO | |
| Título | Isabel Ruiz : |
| Resto del título | diálogos, miradas, impresiones / |
| Mención de responsabilidad, etc. | Isabel Ruiz ; editores Luis Méndez Salinas y Carmen Lucía Alvarado. |
| 250 ## - MENCION DE EDICION | |
| Mención de edición | Primera edición. |
| 260 ## - PUBLICACIÓN, DISTRIBUCIÓN, ETC. | |
| Lugar de publicación, distribución, etc. | Guatemala : |
| Nombre del editor, distribuidor, etc. | Catafixia Editorial, |
| Fecha de publicación, distribución, etc. | 2021. |
| 300 ## - DESCRIPCIÓN FÍSICA | |
| Extensión | 135 páginas : |
| Otras características físicas | fotografías a color ; |
| Dimensiones | 25 cm |
| 490 0# - MENCIÓN DE SERIE | |
| Mención de serie | (Retrato Hablado ; |
| Designación de volumen o secuencia | 2) |
| 650 04 - PUNTO DE ACCESO ADICIONAL DE MATERIA--TÉRMINO DE MATERIA | |
| Término de materia o nombre geográfico como elemento de entrada | Arte |
| Subdivisión geográfica | Guatemala |
| 650 04 - PUNTO DE ACCESO ADICIONAL DE MATERIA--TÉRMINO DE MATERIA | |
| Término de materia o nombre geográfico como elemento de entrada | Arte |
| Subdivisión de forma | biografías |
| 650 04 - PUNTO DE ACCESO ADICIONAL DE MATERIA--TÉRMINO DE MATERIA | |
| Término de materia o nombre geográfico como elemento de entrada | Crítica |
| Subdivisión de forma | aspectos apreciativos |
| 650 04 - PUNTO DE ACCESO ADICIONAL DE MATERIA--TÉRMINO DE MATERIA | |
| Término de materia o nombre geográfico como elemento de entrada | Crítica e interpretación |
| 700 1# - ENTRADA AGREGADA--NOMBRE PERSONAL | |
| Nombre de persona | Alvarado, Carmen Lucía |
| Término indicativo de función/relación | editora |
| 710 1# - ENTRADA AGREGADA--NOMBRE DE ENTIDAD CORPORATIVA | |
| Nombre de entidad corporativa o nombre de jurisdicción como elemento de entrada | Ruiz, Isabel |
| Unidad subordinada | 1945- |
| Término indicativo de función/relación | artista |
| 942 ## - ELEMENTOS DE ENTRADA SECUNDARIOS (KOHA) | |
| Fuente del sistema de clasificación o colocación | Clasificación Decimal Dewey |
| Tipo de ítem Koha | Libros |
| Parte de la signatura que corresponde a la clasificación (Parte de la clasificación) | 709.2 |
| Parte de la signatura que identifica el ejemplar (Parte del ítem) | M538i |
| Suprimir en OPAC | No |
| Estatus retirado | Estado de pérdida | Fuente del sistema de clasificación o colocación | Estado de daño | No para préstamo | Colección | Biblioteca de origen | Biblioteca actual | Fecha de adquisición | Total de préstamos | Signatura topográfica completa | Código de barras | Visto por última vez | Precio de reemplazo | Tipo de ítem Koha |
|---|---|---|---|---|---|---|---|---|---|---|---|---|---|---|
| Clasificación Decimal Dewey | Libros | Biblioteca LadoV | Biblioteca LadoV | 09/12/2025 | 709.2 M538i | 005258 | 09/12/2025 | 09/12/2025 | Libros |
